| Tag |
First Indicator |
Second Indicator |
Subfields |
| LEADER |
00000cam a2200000 i 4500 |
| 001 |
in00000096810 |
| 005 |
20150925090425.0 |
| 008 |
791024s1948 nmua 00010 eng d |
| 010 |
|
|
|a gs 48000082
|
| 035 |
|
|
|a (OCoLC)05583671
|
| 035 |
|
|
|9 AAL2523AM
|
| 040 |
|
|
|a NMT
|c NMT
|d TXA
|d UtOrBLW
|
| 049 |
|
|
|a TXAM
|c [435453]
|
| 090 |
|
|
|a TN24.N6
|b A235 no. 19B
|
| 110 |
1 |
|
|a New Mexico.
|b Bureau of Mines and Mineral Resources.
|
| 245 |
1 |
0 |
|a New Mexico oil and gas engineering data for 1947 /
|c compiled by N. Raymond Lamb and Lea County Operators Committee.
|
| 264 |
|
1 |
|a Socorro,
|b [publisher not identified] ;
|c 1948.
|
| 300 |
|
|
|a 279 pages :
|b illustrations ;
|c 28 cm.
|
| 336 |
|
|
|a text
|b txt
|2 rdacontent
|
| 337 |
|
|
|a unmediated
|b n
|2 rdamedia
|
| 338 |
|
|
|a volume
|b nc
|2 rdacarrier
|
| 490 |
1 |
|
|a New Mexico. Bureau of Mines and Mineral Resources. Circular ;
|v 19-B
|
| 650 |
|
0 |
|a Petroleum
|z New Mexico.
|
| 650 |
|
0 |
|a Natural gas
|z New Mexico.
|
| 710 |
2 |
|
|a Lea County (N.M.).
|b Operators Committee.
|
| 830 |
|
0 |
|a Circular (New Mexico. Bureau of Mines and Mineral Resources) ;
|v 19-B.
|
| 999 |
|
|
|a MARS
|
| 999 |
f |
f |
|s 4cbf1439-f965-369f-9bfb-15efebd5fa20
|i 7c030cec-1f6e-38de-a674-6ec567b0002c
|t 0
|
| 952 |
f |
f |
|p ric
|a Texas A&M University
|b Rellis Campus
|c Joint Library Facility
|d Remote Storage
|t 0
|e TN24.N6 A235 no.19B
|h Library of Congress classification
|i unmediated -- volume
|m A14852531939
|
| 998 |
f |
f |
|a TN24.N6 A235 no.19B
|t 0
|l Remote Storage
|